| 000 | 01450cam a22001814a 4500 | ||
|---|---|---|---|
| 005 | 20250605164343.0 | ||
| 008 | 250528s ||||||||||||||||||||||||d | ||
| 035 | _a23740 | ||
| 040 |
_aGR-AtMCL _bgre _dGR-AtMCL _eAACR2 |
||
| 245 | 1 | _aΤιμολόγηση Βιομηχανικών Προϊόντων | |
| 260 | _c2012 | ||
| 300 | _a36 | ||
| 520 | _aΕισαγωγή, Βιομηχανικό Marketing, Τιμολόγηση Βιομηχανικών Προϊόντων, Τιμολογιακές Πολιτικές, Η Τιμή ως Κριτήριο Αξιολόγησης από την Πλευρά του Πελάτη, Αξιολόγηση της Τιμής από τους Βιομηχανικούς Πωλητές, Επιλογή Στρατηγικής και Κρίσιμα Ερωτήματα που Πρέπει να Απαντηθούν, Προσανατολισμός στον Πελάτη, Τιμολόγησγη με Βάση την Αξία (Value Based Pricing), Διαπραγματεύσεις Μεταξύ Αγοραστών και Πωλητών, Γιατί οι Μεγάλοι Πελάτες Πληρώνουν Χαμηλότερες Τιμές, Τιμολόγηση στο Διαδίκτυο, Σύνοψη, Κριτική Αποτίμηση - Προτάσεις, Συμπεράσματα, Βιβλιογραφία. | ||
| 700 | 1 |
_aΟρφανιώτου Κατερίνα _99286 |
|
| 942 | _cDS | ||
| 999 |
_c8689 _d8689 |
||